000 01773nam a2200373Ia 4500
001 ebr10141714
003 CaPaEBR
006 m u
007 cr cn|||||||||
008 990611s2000 qucab sb 001 0 eng d
010 _z 99900859
015 _aC99-900859-5
020 _z077352018X (bound) :
020 _z0773520198 (pbk. : acid-free paper) :
040 _aCaPaEBR
_cCaPaEBR
035 _a(OCoLC)163596695
050 1 4 _aHD6096.B7
_bB43 2000eb
100 1 _aBeattie, Mary Elizabeth,
_d1945-
245 1 0 _aObligation and opportunity
_h[electronic resource] :
_bsingle Maritime women in Boston, 1870-1930 /
_cBetsy Beattie.
260 _aMontreal ;
_aIthaca, [New York] :
_bMcGill-Queen's University Press,
_cc2000.
300 _axii, 176 p. :
_bill., maps.
500 _aRevision of the author's dissertation (Ph. D.)--University of Maine, 1994.
504 _aIncludes bibliographical references (p. [145]-171) and index.
533 _aElectronic reproduction.
_bPalo Alto, Calif. :
_cebrary,
_d2007.
_nAvailable via World Wide Web.
_nAccess may be limited to ebrary affiliated libraries.
650 0 _aSingle women
_xEmployment
_zMassachusetts
_zBoston
_xHistory
_y19th century.
650 0 _aSingle women
_xEmployment
_zMassachusetts
_zBoston
_xHistory
_y20th century.
650 0 _aSingle women
_zMaritime Provinces
_xHistory
_y19th century.
650 0 _aSingle women
_zMaritime Provinces
_xHistory
_y20th century.
650 0 _aSingle women
_zMaritime Provinces
_xEconomic conditions.
651 0 _aMaritime Provinces
_xEmigration and immigration.
655 7 _aElectronic books.
_2local
710 2 _aebrary, Inc.
856 4 0 _uhttp://site.ebrary.com/lib/rucke/Doc?id=10141714
_zAn electronic book accessible through the World Wide Web; click to view
999 _c89987
_d89987